00727nam a2200205 a 450000500170000000800410001704000250005804100080008310000190009111000220011024501650013226000420029730000100033965000220034965000180037165000280038970000190041771000520043671000330048820151218051319.0140226b1996 ||||| |||| 00| 0 eng d aCO-BoIAVHcCO-BoIAVH aeng aHudson, Elodie bWWF Internacional aMarine fish and the IUCN red list of threatened animals: breport of the workshop held in collaboration with. WWF and IUCN, at the Zoological Society of London  aLondresbWWWbThe SocietybIUCNc1996 a26 p. aListas rojas UICN aPeces marinos aLegislación ambiental aMace, Georgina aaInternational Union for Conservation of Nature aZoological Society of London